| 000 | 04685nam a22003613i 4500 | ||
|---|---|---|---|
| 001 | EBC7377177 | ||
| 003 | MiAaPQ | ||
| 005 | 20250827173535.0 | ||
| 007 | cr cnu|||||||| | ||
| 008 | 250827s2023 xx o ||||0 ger d | ||
| 020 |
_a9783849819248 _q(electronic bk.) |
||
| 020 | _z9783849819231 | ||
| 040 |
_aMiAaPQ _beng _cMiAaPQ |
||
| 100 | 1 |
_aKappeler, Florian. _966778 |
|
| 245 | 1 | 4 |
_aDie Deutsche Literatur der Haitianischen Revolution : _bNarrative des Globalen, der Handlungsmacht und des Fortschritts Seit 1791. |
| 250 | _a1st ed. | ||
| 264 | 1 |
_aBielefeld : _bAisthesis Verlag, _c2023. |
|
| 264 | 4 | _c©2023. | |
| 300 | _a1 online resource (606 pages) | ||
| 336 |
_aText _btxt _2rdacontent |
||
| 337 |
_aComputermedien _bc _2rdamedia |
||
| 338 |
_aOnline Resource _bcr _2rdacarrier |
||
| 490 | 1 |
_aPostkoloniale Studien in der Germanistik Series ; _vv.15 |
|
| 500 | _aE-Book-ProQuest / Fernzugriff nach Registrierung möglich | ||
| 505 | 0 | _aFrontcover -- Titel -- Impressum -- Inhaltsverzeichnis -- 1. Haiti und die moderne Revolution -- Globalität, Fortschritt, Handlungsmacht -- Historische Narratologie -- Aufbau der Studie -- Exkurs: Vor der Haitianischen Revolution -- 2. Narrative der Revolution in Zeitschriften und Geschichtsschreibung -- a. Revolutionsmedien / Medienrevolution -- Die Zeitschrift als historisches Archiv -- Diffusion, Destruktion, ‚Großer Mann' -- b. Historiographien Haitis -- Von der Dokumentation zur Geschichtsschreibung -- Imitation, Sklavereikritik, Emanzipation -- 3. Die globale Revolution -- a. Weltrevolution. Georg Rebmanns »Hans Kiekindiewelts Reisen in alle vier Welttheile« -- Die globale Route der Sklaverei -- Globalität und Eurozentrismus (Rebmann, Contessa, Störchel) -- b. Von Osteuropa nach Westindien: Julius von Voß' »Ignaz von Jalonski« -- Die polnische Legion -- Spionage als koloniale Wissensproduktion -- Vom Enthusiasmus zur Rationalität der Revolution -- 4. Sex, Rassismus und Handlungsmacht -- a. Revolution und Verwandtschaft in Heinrich von Kleists »Die Verlobung in St. Domingo« -- Die Schweiz und die Haitianische Revolution -- Revolution und Vertrauen/Misstrauen -- Ein Denkmal für die ‚kleinen Leute' -- Revolution als sexuelle Entsagung (Caroline Auguste Fischer, »William der Neger«) -- Verlobungs-Komödie (Karl Spindler, »Der Bräutigam aus Hayti«) -- b. Die Geburt der Handlungsmacht aus dem Geiste der Wahlverwandtschaft (Julius von der Heyden, »Die Kreolin und der Neger«) -- Vaterschaft und Rassismus -- Die Vollendung der Revolution -- 5. Revolutionärer Fortschritt -- a. Mimikry und Emanzipation in Theodor Mügges »Toussaint« -- Mimikry zwischen Herrschaft und Subversion -- Zivilisierung und Emanzipation -- Subalterne Stimme und politische Rede -- Die Rhetorik der Prophetie. | |
| 505 | 8 | _ab. Von der Emanzipation zum ‚Rassenkampf' (Wilhelm Jordan, Otto Hoffmann) -- Die Metapher der Pfropfung -- Das Narrativ des ‚Rassenkampfs' -- 6. Reprisen der Haitianischen Revolution im 20. Jahrhundert -- a. Rassismus oder Eurozentrismus? (Hanns Heinz Ewers, Erwin Rüsch, Karl Otten) -- Voodoo. Die Haitianische Revolution zur Zeit des deutschen Kolonialismus (Ewers) -- Völkischer Rassismus am Vorabend des Nationalsozialismus (Rüsch) -- Eurozentrische Kolonialismuskritik (Otten) -- b. Postnazismus und Dekolonisierung. Die Haitianische Revolution bei Anna Seghers -- »Die Hochzeit von Haiti« als intersektionale Erzählung -- Jüdisch-‚schwarze' Solidarität -- Was bleibt von der Haitianischen Revolution? -- Interdependenzen antikolonialer Befreiung: »Karibische Geschichten und Wiedereinführung der Sklaverei in Guadeloupe« -- Die Haitianische Revolution als Modell: »Das Licht auf dem Galgen« -- »Drei Frauen aus Haiti« und die Geschichte der kapitalistischenModerne -- 7. Historische Narrative und postkoloniale Poetik -- Resümee: Narrative der Haitianischen Revolution in der deutschsprachigen Literatur -- Ausblick: Postkoloniale Poetik der Haitianischen Revolution -- Poetik der Wiederholung (Hans Christoph Buch) -- Poetik der Situierung I (Hubert Fichte, »Xango«) -- Poetik der Situierung II (Dorothee Elmiger, »Aus der Zuckerfabrik«) -- Literaturverzeichnis -- Dank -- Backcover. | |
| 655 |
_aFernzugriff _9230 |
||
| 655 | 4 | _aElectronic books. | |
| 776 | 0 | 8 |
_iPrint version: _aKappeler, Florian _tDie Deutsche Literatur der Haitianischen Revolution _dBielefeld : Aisthesis Verlag,c2023 _z9783849819231 |
| 830 | 0 |
_aPostkoloniale Studien in der Germanistik Series _966779 |
|
| 856 | 4 | 0 |
_uhttps://ebookcentral.proquest.com/lib/maxweberstiftung-ebooks/detail.action?docID=7377177 _zVolltext |
| 942 | _cEB | ||
| 999 |
_c72731 _d72731 |
||